| 000 | 00349nam a2200133Ia 4500 | ||
|---|---|---|---|
| 008 | 240624s9999 xx 000 0 und d | ||
| 041 | _aeng | ||
| 082 | _a330 HAR | ||
| 100 | _aHARRIS NEIL | ||
| 245 | _aBUSINESS ECONOMICS THEORY AND APPLICATIO | ||
| 260 |
_c2001 _aOxford _bButterworth Heinemann |
||
| 300 | _ax, : 373 : p. : cm. ; 24 | ||
| 365 |
_c _b35 |
||
| 999 |
_c5779 _d5779 |
||